Представление документа в формате MARC21

ПолеНазваниеЗначение
  Тип записи a
  Библиографический уровень m
001 Контрольный номер RU/URAIT/588258
005 Дата корректировки 20260429163702.9
008 Кодируемые данные 260429s2026 RU y f j 000 0 rus u
020 Индекс ISBN __
a ISBN 978-5-534-14103-0
c Цена, тираж 1009.00
040 Источник каталогиз. __
a Служба первич. каталог. ИКО Юрайт
c Служба, преобразующая запись ИКО Юрайт
e Правила каталог. RCR
041 Код языка издания __
a Код языка текста rus
044 Код страны публикации __
a Код страны публикации RU
080 Индекс УДК __
a Индекс УДК 69.03(075.8)
084 Индекс другой классификации/Индекс ББК __
2 Источник индекса rubbk
a Индекс другой классификации/Индекс ББК 38.58я73
100 Автор __
a Автор Мустакимов В. Р.
q Полное имя Мустакимов Валерий Раифович
245 Заглавие __
a Заглавие Искусственные основания зданий и сооружений на просадочных грунтах
b Продолж. заглавия учебник для вузов
c Ответственность В. Р. Мустакимов.
256 Характеристики компьютерного файла __
a Характеристики компьютерного файла Электрон. дан.
260 Выходные данные __
a Место издания Москва
b Издательство Юрайт
c Дата издания 2026
300 Физическое описание __
a Объем 220 с
440 Серия __
a Серия Высшее образование
500 Примечания __
a Примечание URL: https://urait.ru/bcode/588258 (дата обращения: 29.04.2026).
520 Аннотация __
a Аннотация В курсе приводятся расчёт и проектирование искусственных оснований зданий и сооружений, возводимых на лёссовых просадочных грунтах. Для каждого из способов устройства искусственных оснований изложен алгоритм инженерного расчёта по первому и второму предельным состояниям. Все типы искусственных оснований снабжены расчётно-технологическими схемами, помогающими оценить все технологические мероприятия при устройстве искусственных оснований. С целью систематизации подсчёта земляных, специальных и строительно-монтажных видов работ приведены образцы форм таблиц с ведомостями объёмов работ. Для сравнения типов искусственных оснований при вариантном проектировании приведены единичные расценки и нормативная трудоёмкость работ, а также основные технико-экономические показатели. Соответствует актуальным требованиям Федерального государственного образовательного стандарта высшего образования. Курс предназначен для студентов строительных специальностей всех форм обучения при выполнении выпускных квалификационных работ, дипломных проектов, магистерских диссертаций. Рекомендовано при изучении дисциплины «Механика грунтов, основания и фундаменты», а также при реальном проектировании в проектных организациях. Курс включает дополнительный практический материал, размещенный на сайте urait.ru.
538 Прим. о системных особенностях __
a Прим. о системных особенностях Режим доступа: Электронно-библиотечная система Юрайт, для авториз. пользователей
653 Ключевые слова __
a Ключевые слова Строительство
653 Ключевые слова __
a Ключевые слова Технические науки
653 Ключевые слова __
a Ключевые слова Механика грунтов
653 Ключевые слова __
a Ключевые слова Механика грунтов, основания и фундаменты сооружений
653 Ключевые слова __
a Ключевые слова Механика грунтов, основания и фундаменты
653 Ключевые слова __
a Ключевые слова Искусственные основания зданий и сооружений
653 Ключевые слова __
a Ключевые слова Механика грунтов, основания и фундаменты зданий, сооружений
653 Ключевые слова __
a Ключевые слова Прикладная механика (Механика грунтов, основания и фундаменты сооружений)
653 Ключевые слова __
a Ключевые слова Проектирование многоэтажных зданий
856 Электронный адрес документа 40
n Местонахождение сервера Юрайт
g Электронная книга
q Тип электронного формата html
h Имя пользователя ЮРАЙТ
v Часы доступа к ресурсу 20271231
2 Способ доступа Показать документ
x Служебное примечание https://urait.ru/book/cover/D65F661E-2E59-41B4-870E-D772B829C896
u URL https://urait.ru/bcode/588258
856 Электронный адрес документа 48
q Тип электронного формата cover
u URL https://urait.ru/book/cover/D65F661E-2E59-41B4-870E-D772B829C896
911 __
u 0030=https://urait.ru/bcode/588258
911 __
u 073a=9785534141030
u 073d=1009.00
911 __
u 106a=s
911 __
u 900l=
952 Тип литературы __
i Дисциплина Механика грунтов
952 Тип литературы __
i Дисциплина Механика грунтов, основания и фундаменты сооружений
952 Тип литературы __
i Дисциплина Механика грунтов, основания и фундаменты
952 Тип литературы __
i Дисциплина Искусственные основания зданий и сооружений
952 Тип литературы __
i Дисциплина Механика грунтов, основания и фундаменты зданий, сооружений
952 Тип литературы __
i Дисциплина Прикладная механика (Механика грунтов, основания и фундаменты сооружений)
952 Тип литературы __
i Дисциплина Проектирование многоэтажных зданий